Distance education and student support services / (Record no. 38135)
[ view plain ]
| 000 -LEADER | |
|---|---|
| fixed length control field | 00819nam a22002177a 4500 |
| 005 - DATE AND TIME OF LATEST TRANSACTION | |
| control field | 2010072205365.0 |
| 010 ## - LCCN (DPL NO) | |
| LC control number | ENG-97353 |
| 020 ## - INTERNATIONAL STANDARD BOOK NUMBER | |
| Terms of availability | 480.00 |
| International Standard Book Number | 9788184501841 |
| 035 ## - SYSTEM CONTROL NUMBER | |
| System control number | EN-80886 |
| 037 ## - SOURCE OF ACQUISITION | |
| Source of stock number/acquisition | DBAD/PUB |
| 082 ## - DEWEY DECIMAL CLASSIFICATION NUMBER | |
| Classification number | 371.350954792 |
| 100 ## - MAIN ENTRY--PERSONAL NAME | |
| Personal name | Harichandan, Dhaneswar |
| 245 ## - TITLE STATEMENT | |
| Title | Distance education and student support services / |
| Statement of responsibility, etc | by Dhaneswar Harichandan |
| 260 ## - PUBLICATION, DISTRIBUTION, ETC. (IMPRINT) | |
| Place of publication, distribution, etc | New Delhi |
| Name of publisher, distributor, etc | Deep & Deep Publications |
| Date of publication, distribution, etc | 2009 |
| 270 ## - ADDRESS | |
| Address | F-159, Rajouri Garden, |
| City | New Delhi |
| Postal code | 110027 |
| 300 ## - PHYSICAL DESCRIPTION | |
| Extent | vii, 141p. |
| Dimensions | 23cm (Hb) |
| 500 ## - GENERAL NOTE | |
| General note | Includes bibliographical references and index |
| 700 ## - ADDED ENTRY--PERSONAL NAME | |
| 9 (RLIN) | 2116 |
| 942 ## - ADDED ENTRY ELEMENTS (KOHA) | |
| Source of classification or shelving scheme | Dewey Decimal Classification |
| Item type | English Books |
| Call number suffix | HAR |
| Classification part | 371.350954792 |
| Withdrawn status | Lost status | Not for loan | Collection code | Home library | Current library | Date acquired | Source of acquisition | Cost, normal purchase price | Full call number | Barcode | Copy number | Cost, replacement price | Koha item type |
|---|---|---|---|---|---|---|---|---|---|---|---|---|---|
| Not For Loan | Non-fiction | D.B.Act.Division | D.B.Act.Division | 29/07/2010 | DBAD/PUB | 480.00 | 371.350954792 HAR | EN-80886 | 1 | 480.00 | English Books |
